The French revolution, 1789-1794 / (Record no. 5799)

MARC details
000 -LEADER
fixed length control field 00995nam a22002297a 4500
001 - CONTROL NUMBER
control field 5799
003 - CONTROL NUMBER IDENTIFIER
control field FISKH
005 - DATE AND TIME OF LATEST TRANSACTION
control field 20250122163452.0
008 - FIXED-LENGTH DATA ELEMENTS--GENERAL INFORMATION
fixed length control field 250122b cb ||||| |||| 00| 0 eng d
020 ## - INTERNATIONAL STANDARD BOOK NUMBER
International Standard Book Number 9780340789506
040 ## - CATALOGING SOURCE
Original cataloging agency FISKH
Language of cataloging eng
Transcribing agency FISKH
Modifying agency FISKH
050 ## - LIBRARY OF CONGRESS CALL NUMBER
Classification number PZ7
082 ## - DEWEY DECIMAL CLASSIFICATION NUMBER
Classification number 944.04
100 ## - MAIN ENTRY--PERSONAL NAME
Personal name Hodgson, Chris
245 ## - TITLE STATEMENT
Title The French revolution, 1789-1794 /
Statement of responsibility, etc. by Chris Hodgson
250 ## - EDITION STATEMENT
Edition statement First published 2001
260 ## - PUBLICATION, DISTRIBUTION, ETC.
Place of publication, distribution, etc. London :
Name of publisher, distributor, etc. Hodder Education ,
Date of publication, distribution, etc. 2001 .
300 ## - PHYSICAL DESCRIPTION
Extent 46 pages :
Other physical details color illustrations , maps ;
Dimensions 28 cm .
520 ## - SUMMARY, ETC.
Summary, etc. Hodder History helps you teach history the way you want to teach it. The French Revolution is an essential and unique resource for teaching and learning about the issues and events that characterise France before and after revolution. It never lets go of the period's story, providing innovative and exciting opportunities to examine the big picture and investigate particular topics.
942 ## - ADDED ENTRY ELEMENTS (KOHA)
Source of classification or shelving scheme Dewey Decimal Classification
Koha item type Books
Suppress in OPAC No
Holdings
Withdrawn status Lost status Source of classification or shelving scheme Damaged status Not for loan Collection Home library Current library Shelving location Date acquired Total Checkouts Full call number Barcode Date last seen Price effective from Koha item type
    Dewey Decimal Classification     Non-Fiction Footprints International School Library Network Toul Kork Campus Footprints International School Library Network Toul Kork Campus TTP Secondary Non-Fiction Bookshelves 01/22/2025   WHI PZ7 944.04 FISSE03174 01/22/2025 01/22/2025 Books